| Tag |
First Indicator |
Second Indicator |
Subfields |
| LEADER |
00000cam a2200000 a 4500 |
| 001 |
in00000086618 |
| 005 |
20160310124623.0 |
| 008 |
810724s1979 iek 00010 eng d |
| 020 |
|
|
|a 0905223144
|
| 035 |
|
|
|a (OCoLC)07611227
|
| 035 |
|
|
|9 AAK4479AM
|
| 040 |
|
|
|a BGU
|c BGU
|d TXA
|d UtOrBLW
|
| 049 |
|
|
|a TXAM
|c [387957]
|
| 090 |
|
|
|a PR6063.A135
|b R6
|
| 100 |
1 |
|
|a McCabe, Eugene,
|d 1930-
|
| 245 |
1 |
0 |
|a Roma /
|c Eugene McCabe.
|
| 264 |
|
1 |
|a Dublin, Ireland :
|b Turoe Press,
|c 1979.
|
| 300 |
|
|
|a 60 pages ;
|c 19 cm.
|
| 336 |
|
|
|a text
|b txt
|2 rdacontent
|
| 337 |
|
|
|a unmediated
|b n
|2 rdamedia
|
| 338 |
|
|
|a volume
|b nc
|2 rdacarrier
|
| 490 |
1 |
|
|a Thursday playdate
|
| 500 |
|
|
|a Published in association with the Drama Dept., Radio Telefis Eireann.
|
| 500 |
|
|
|a Texts of both the short story and the play.
|
| 830 |
|
0 |
|a Thursday playdate.
|
| 999 |
|
|
|a MARS
|
| 999 |
f |
f |
|s 70967284-4022-3154-b179-1bf657c44328
|i 7d4584d9-7217-338f-b804-d0e8d06e16ca
|t 0
|
| 952 |
f |
f |
|p ric
|a Texas A&M University
|b Rellis Campus
|c Joint Library Facility
|d Remote Storage
|t 0
|e PR6063.A135 R6
|h Library of Congress classification
|i unmediated -- volume
|m A14806187726
|
| 998 |
f |
f |
|a PR6063.A135 R6
|t 0
|l Remote Storage
|